Tesla-Fortran předběžný učební text

Salvato in:
Dettagli Bibliografici
Autore principale: Mikuláš, Jiří
Altri autori: Šmucr, Jaroslav
Natura: Libro
Lingua:ceco
Pubblicazione: Praha Ústředí pro výpočetní techniku TESLA 1970
Edizione:2. proz. vyd.
Serie:Příručky programátora
Tags: Aggiungi Tag
Nessun Tag, puoi essere il primo ad aggiungerne!!

MARC

LEADER 00000nam a2200000 4500
001 c111367
005 20221207070947.8
041 0 |a cze 
044 |a CZ 
245 1 0 |a Tesla-Fortran  |b předběžný učební text  |c Jiří Mikuláš, Jaroslav Šmucr 
250 |a 2. proz. vyd. 
264 1 |a Praha  |b Ústředí pro výpočetní techniku TESLA  |c 1970 
300 |a 329 s.  |e príl. 
490 1 |a Příručky programátora 
830 0 |a Příručky programátora 
100 1 |a Mikuláš, Jiří 
700 1 |a Šmucr, Jaroslav